000 00444nam a22001697a 4500
003 OSt
005 20140310182840.0
008 130608t xxu||||| |||| 00| 0 eng d
050 _aPE 1408
_b.L271 2011
245 _aCollege writing skills with readings /
_cLangan, John
260 _aNew York :
_bMcGraw-Hill,
_cc2011
300 _axxi, 782 p. :
_b24 cm.
521 _aEDU
942 _2lcc
_cBK
_kFOR
999 _c16847
_d16847